| 000 | 00938nam a2200205Ii 4500 | ||
|---|---|---|---|
| 003 | JO-AjNU | ||
| 008 | 230605s9999||||xx |||||||||||||| ||und|| | ||
| 040 |
_aJO-AjNU _bara _erda _cJO-AjNU |
||
| 041 | _aara | ||
| 050 | 1 | 4 | _aHF 5686 .C7.G43 2009 |
| 100 | 3 |
_aتأليف: الغبان، فائزة ابراهيم محمود / م.مشارك: ثائر صبري محمود الغبان, _eauthor _930818 |
|
| 245 | 0 | 0 | _aالنظم المحاسبية المتخصصة |
| 250 | _aط2 مزيدة ومنقحة | ||
| 264 | 3 | 1 | _aبغداد: مكتبة الذاكرة موزعون وناشرون، 2009 |
| 300 |
_a570ص _bيحتوي على ببلوغرافية من ص567-570ص |
||
| 336 |
_atext _btxt _2rdacontent |
||
| 337 |
_aunmediated _bn _2rdamedia |
||
| 338 |
_avolume _bnc _2rdacarrier |
||
| 650 | 4 |
_aالمحاسبة - محاسبة البنوك - محاسبة التأمين - محاسبة النفط - محاسبة الزراعة _930819 |
|
| 999 |
_aA12260 _c15828 _d15828 |
||